The Calligraphy Ideas Book: Inspiration and tips taken from over 80 artworks (Record no. 12874)
[ view plain ]
| 000 -LEADER | |
|---|---|
| fixed length control field | 00370 a2200133 4500 |
| 008 - FIXED-LENGTH DATA ELEMENTS--GENERAL INFORMATION | |
| fixed length control field | 240727b ||||| |||| 00| 0 eng d |
| 020 ## - INTERNATIONAL STANDARD BOOK NUMBER | |
| International Standard Book Number | 978-1781577462 |
| 082 ## - DEWEY DECIMAL CLASSIFICATION NUMBER | |
| Classification number | [745.61] |
| 100 ## - MAIN ENTRY--PERSONAL NAME | |
| Personal name | Lyndsey Gribble |
| 245 ## - TITLE STATEMENT | |
| Title | The Calligraphy Ideas Book: Inspiration and tips taken from over 80 artworks |
| 260 ## - PUBLICATION, DISTRIBUTION, ETC. (IMPRINT) | |
| Name of publisher, distributor, etc | Ilex Press |
| Date of publication, distribution, etc | 2020 |
| 300 ## - PHYSICAL DESCRIPTION | |
| Extent | 176p; |
| 942 ## - ADDED ENTRY ELEMENTS (KOHA) | |
| Source of classification or shelving scheme | |
| Withdrawn status | Lost status | Source of classification or shelving scheme | Damaged status | Koha normalized classification for sorting | Not for loan | Permanent location | Current location | Date acquired | Source of acquisition | Cost, normal purchase price | Full call number | Barcode | Date last seen | Cost, replacement price | Price effective from | Koha item type |
|---|---|---|---|---|---|---|---|---|---|---|---|---|---|---|---|---|
| 745_61 | BMS College of Architecture, Design and Planning | BMS College of Architecture, Design and Planning | 2024-07-27 | 1 | 840.78 | [745.61] | AR-UG4107 | 2024-07-27 | 1121.04 | 2024-07-27 | B.Design | |||||
| 745_61 | BMS College of Architecture, Design and Planning | BMS College of Architecture, Design and Planning | 2024-07-27 | 1 | 840.78 | [745.61] | AR-UG4108 | 2024-07-27 | 1121.04 | 2024-07-27 | B.Design |